Central Library OPAC University of Rajshahi

The physics of elementary particles / (Record no. 72696)

MARC details
000 -LEADER
fixed length control field 00759nam a2200253 a 4500
001 - CONTROL NUMBER
control field 72696
003 - CONTROL NUMBER IDENTIFIER
rucl marc code BD-RjUL
005 - DATE AND TIME OF LATEST TRANSACTION
control field 20211209082311.0
008 - FIXED-LENGTH DATA ELEMENTS--GENERAL INFORMATION
fixed length control field 170522s1958 njua 001 0 eng
035 ## - SYSTEM CONTROL NUMBER
System control number (BD-RjUL)72914
040 ## - CATALOGING SOURCE
Original cataloging agency DLC
Transcribing agency ODaWU
Modifying agency BD-RjUL
Language of cataloging eng
041 ## - LANGUAGE CODE
Language code of text/sound track or separate title eng
082 ## - DEWEY DECIMAL CLASSIFICATION NUMBER
Classification number 539.721
Edition number 23
Author mark and year JAP 1958
100 1# - MAIN ENTRY--PERSONAL NAME
Personal name Jackson, John David,
Dates associated with a name 1925-
9 (RLIN) 212713
245 14 - TITLE STATEMENT
Title The physics of elementary particles /
Statement of responsibility, etc. John David Jackson
260 ## - PUBLICATION, DISTRIBUTION, ETC. (IMPRINT)
Place of publication, distribution, etc. Princeton :
Name of publisher, distributor, etc. Princeton University Press,
Date of publication, distribution, etc. 1958.
300 ## - PHYSICAL DESCRIPTION
Pagination ix, 135 p. :
Illustrations ill. ;
Size 25 cm.
490 0# - SERIES STATEMENT
Series statement Investigations in physics,
Volume/sequential designation no. 9
500 ## - GENERAL NOTE
General note Includes index
650 #0 - SUBJECT ADDED ENTRY--TOPICAL TERM
Topical term or geographic name as entry element Particles.
9 (RLIN) 215041
830 ## - SERIES ADDED ENTRY--UNIFORM TITLE
Uniform title Investigations in physics,
942 ## - ADDED ENTRY ELEMENTS (KOHA)
Source of classification or shelving scheme Dewey Decimal Classification
Koha item type Books
Holdings
Lost status Source of classification or shelving scheme Damaged status Not for loan Collection code Permanent Location Current Location Shelving location Date acquired Source of acquisition Cost, normal purchase price Total Checkouts Full call number Date last seen Copy number Koha item type
  Dewey Decimal Classification   Not For Loan Non-fiction Central Library, University of Rajshahi Central Library, University of Rajshahi Reading Room 31/01/1962 England B.H. Blackwell 0.00   539.721 JAP 1958 22/05/2017 C-1 Books
  Dewey Decimal Classification     Non-fiction Central Library, University of Rajshahi Central Library, University of Rajshahi   31/01/1962 England B.H. Blackwell 0.00   539.721 JAP 1958 23/05/2017 C-2 Books